LEADER 01460nam0 2200325 450 001 000037326 005 20150129114021.0 100 $a20140709d2014----km-y0itay50------ba 101 0 $aita 102 $aIT 105 $aa---m-------- 200 1 $aSitopia, food architecture and city$bTesi di dottorato$fdottoranda: Carmela Miḿ Coviello$gcoordinatore: Antonio Conte$gtutor: Giovanni Longobardi$gcorrelatore: Craig Verzone 210 $a[Potenza]$d[2014] 215 $aIX, 112 p., [13] p. di tav. ripieg.$cill.$d30 cm. 328 1$aTesi di dottorato: Università della Basilicata, Dottorato di ricerca in Architecture and urban phenomenology, XXVI ciclo, A.a. 2012-2013 676 $a720$v(22. ed.)$9Architettura 676 $a711.4$v(22. ed.)$9Urbanistica. Pianificazione a livello locale 686 $aICAR/14$cComposizione architettonica e urbana 686 $aICAR/17$cDisegno 686 $aICAR/18$cStoria dell'architettura 700 1$aCoviello,$bCarmela Miḿ$0757966 801 0$aIT$bUniversità della Basilicata - B.I.A.$gREICAT$2unimarc 912 $a000037326 996 $aSitopia, food architecture and city$91530015 997 $aUNIBAS CAT $aSTD100$b01$c20140709$lBAS01$h1355 CAT $aTTM$b30$c20150129$lBAS01$h1133 CAT $aTTM$b30$c20150129$lBAS01$h1140 FMT Z30 -1$lBAS01$LBAS01$mBOOK$1BASA2$APolo Tecnico-Scientifico$2TDO$BTesi di Dottorato$3TDI.26c.CC1$637326-10$53732610$820140709$f98$FConsultazione LEADER 01816nam 22004453 450 001 9910693326103321 005 20220602181506.0 035 $a(CKB)4940000000512345 035 $a(OCoLC)654823609 035 $a(VaAlASP)2300336 035 $a(EXLCZ)994940000000512345 100 $a20220602d1986 || | 101 0 $aeng 135 $aur|n||||||||a 181 $ctxt$2rdacontent 182 $cc$2rdamedia 183 $acr$2rdacarrier 200 00$aInvestigation of the Challenger Accident: Report of the Committee on Science and Technology, House of Representatives, Ninety-Ninth Congress, Second Session /$fby the U.S. House Committee on Science and Technology 210 1$aDistrict of Columbia :$cUnited States. Government Printing Office,$d1986. 215 $a1 online resource (442 pages) 225 1 $aHouse report / 99th Congress, 2d session ;$v99-1016 300 $aTitle from resource description page (viewed June 02, 2022). 320 $aIncludes bibliographical references. 330 $aThis is the report produced by the U.S. House Committee on Science and Technology for the 1986 Space Shuttle Challenger disaster. 410 0$aHouse report / 99th Congress, 2d session ;$v99-1016. 606 $aAeronautics and Astronautics 606 $aSpacecraft 606 $aSpace exploration 606 $aAerospace engineering 608 $a112 615 4$aAeronautics and Astronautics 615 4$aSpacecraft 615 4$aSpace exploration 615 4$aAerospace engineering 801 0$bVaAlASP 801 1$bVaAlASP 906 $aBOOK 912 $a9910693326103321 996 $aInvestigation of the Challenger Accident: Report of the Committee on Science and Technology, House of Representatives, Ninety-Ninth Congress, Second Session$93206197 997 $aUNINA